Central Library OPAC University of Rajshahi

Botany for degree students / (Record no. 74813)

MARC details
000 -LEADER
fixed length control field 00694nam a2200253 a 4500
001 - CONTROL NUMBER
control field 74813
003 - CONTROL NUMBER IDENTIFIER
rucl marc code BD-RjUL
005 - DATE AND TIME OF LATEST TRANSACTION
control field 20211209082616.0
008 - FIXED-LENGTH DATA ELEMENTS--GENERAL INFORMATION
fixed length control field 170429s1970 ii a 001 0 eng d
020 ## - INTERNATIONAL STANDARD BOOK NUMBER
Terms of availability Rs75.00
035 ## - SYSTEM CONTROL NUMBER
System control number (BD-RjUL)75031
040 ## - CATALOGING SOURCE
Original cataloging agency DLC
Transcribing agency DLC
Modifying agency BD-RjUL
Language of cataloging eng
041 ## - LANGUAGE CODE
Language code of text/sound track or separate title eng
082 00 - DEWEY DECIMAL CLASSIFICATION NUMBER
Classification number 580
Edition number 23
Author mark and year DUB 1974
100 1# - MAIN ENTRY--PERSONAL NAME
Personal name Dutta, A. C.
Fuller form of name (Atul Chandra),
Dates associated with a name 1899-
9 (RLIN) 210626
245 10 - TITLE STATEMENT
Title Botany for degree students /
Statement of responsibility, etc. A. C. Dutta.
250 ## - EDITION STATEMENT
Edition statement 4rth ed.
260 ## - PUBLICATION, DISTRIBUTION, ETC. (IMPRINT)
Place of publication, distribution, etc. Calcutta :
Name of publisher, distributor, etc. Oxford University Press,
Date of publication, distribution, etc. 1974.
300 ## - PHYSICAL DESCRIPTION
Pagination xx, 909 p. :
Illustrations ill. ;
Size 22 cm.
500 ## - GENERAL NOTE
General note Includes index.
650 #0 - SUBJECT ADDED ENTRY--TOPICAL TERM
Topical term or geographic name as entry element Botany.
9 (RLIN) 210627
942 ## - ADDED ENTRY ELEMENTS (KOHA)
Source of classification or shelving scheme Dewey Decimal Classification
Koha item type Books
Holdings
Lost status Source of classification or shelving scheme Damaged status Not for loan Collection code Permanent Location Current Location Shelving location Date acquired Source of acquisition Cost, normal purchase price Total Checkouts Full call number Date last seen Copy number Koha item type
  Dewey Decimal Classification   Not For Loan Non-fiction Central Library, University of Rajshahi Central Library, University of Rajshahi Reading Room 30/06/1987 Eureka book Agency, rajshahi 75.00   580 DUB 1974 08/12/2018 C-1 Books
  Dewey Decimal Classification     Non-fiction Central Library, University of Rajshahi Central Library, University of Rajshahi   07/01/2019 Eureka book Agency, rajshahi 75.00   580 DUB 1974 07/01/2019 C-2 Books
  Dewey Decimal Classification     Non-fiction Central Library, University of Rajshahi Central Library, University of Rajshahi   30/06/1981 Ureka Book Agency, Rajshahi 75.00   580 DUB 1974 15/01/2019 C-3 Books